[Event "21st Alekhine Master 2017"]
[Site "Voronezh"]
[Date "2017.06.14"]
[Round "3"]
[White "Iljiushenok, Ilia"]
[Black "Mozharov, Mikhail"]
[Result "1-0"]
[WhiteElo "2496"]
[BlackElo "2536"]
[Annotator "TA"]
[PlyCount "33"]
[EventDate "2017.??.??"]
[EventType "swiss"]
[EventCountry "RUS"]
[SourceTitle "playchess.com"]
[Source "ChessBase"]
[SourceQuality "1"]

{[%evp 10,33,0,-2,-2,-6,-4,-2,-4,-9,13,14,15,13,16,0,0,-83,0,0,0,0,0,0,0,0]} 1. e4 e5 2. Nc3 Nf6 3. g3 Nc6 4. Bg2 Bc5 5. Nge2 O-O 6. O-O a5 {C26: Vienna Game: 2...Nf6, sidelines} (6... Re8 7. d3 Nd4 8. Kh1 c6 9. f4 Nxe2 10. Qxe2 exf4 11. Bxf4 d5 12. Bg5 Be7 13. Qf2 Be6 14. exd5 Nxd5 15. Bxe7 Rxe7 16. Nxd5 Bxd5 {½-½ (34) Bachmann,A (2610)-Granda Zuniga,J (2683) Florianopolis 2016}) 7. Nd5 Nxd5 $146 ({Predecessor:} 7... Nb4 8. Nxf6+ Qxf6 9. a3 Nc6 10. Nc3 d6 11. Nd5 Qd8 12. d3 Ne7 13. Ne3 Be6 14. c3 {1-0 (63) Korostenski,F (1635)-Cofer,D (1485) LSS email 2011}) 8. exd5 Nd4 9. Nxd4 exd4 10. d3 d6 11. Qh5 Qd7 12. Be4 {[%csl Ge4][%cal Rh5h7] [#]} Qh3 13. Bxh7+ Kh8 14. Bg6+ $1 {The position is equal.} Kg8 15. Bh7+ $1 Kh8 16. Bg6+ $1 Kg8 17. Bh7+ $1 {[%mdl 32768] Loss on Time!?} 1-0

[Event "21st Alekhine Master 2017"]
[Site "Voronezh"]
[Date "2017.06.14"]
[Round "3"]
[White "Kozionov, Kirill"]
[Black "Tran, Tuan Minh"]
[Result "0-1"]
[WhiteElo "2437"]
[BlackElo "2542"]
[Annotator "TA"]
[PlyCount "128"]
[EventDate "2017.??.??"]
[EventType "swiss"]
[EventCountry "RUS"]
[SourceTitle "playchess.com"]
[Source "ChessBase"]
[SourceQuality "1"]

{[%evp 12,128,20,14,20,3,11,4,25,2,12,0,0,6,6,-8,-14,-14,0,-11,-10,-8,-8,-13,-16,-13,0,-37,-41,-46,-33,-46,-41,-29,-29,-36,0,-59,-52,-153,-121,-213,-161,-159,-155,-153,-167,-506,-522,-684,-72,-197,-220,-368,-80,-33,127,0,0,0,0,0,0,-266,0,0,0,-260,-236,-312,-324,-307,-295,-289,-304,-306,-268,-322,-316,-692,-629,-836,-735,-724,-720,-708,-708,-694,-694,-655,-658,-534,-433,-417,-387,-566,-611,-706,-667,-5289,-1099,-1654,-1625,-1647,-1517,-1499,-1434,-1304,-1226,-1136,-830,-810,-752,-716,-613,-12843,-12843,-12843,-12843]} 1. d4 Nf6 2. c4 e6 3. Nc3 Bb4 4. e3 O-O 5. Bd3 d5 6. Nf3 dxc4 7. Bxc4 b6 {E51: Nimzo-Indian: Rubinstein: 4...0-0 5 Nf3 d5} 8. O-O Bb7 9. Qe2 Nbd7 {The position is equal.} 10. Bd2 a6 (10... c5 11. Rfd1 cxd4 12. Nxd4 Qe7 13. Ba6 Bxa6 14. Qxa6 Bd6 15. Rac1 Nc5 16. Qe2 Rac8 17. b4 Nce4 18. Nxe4 Nxe4 19. Be1 Qb7 20. Rxc8 Rxc8 {½-½ (41) Ivanchuk,V (2710)-Kryvoruchko,Y (2682) Varadero 2016}) 11. Rfd1 b5 12. Bd3 c5 13. dxc5 $146 ({Predecessor:} 13. Be1 cxd4 14. Nxd4 Bc5 15. Nb3 {½-½ (40) Beeke,B (2247)-Moradiabadi,E (2567) Dieren 2015}) 13... Bxc5 14. h3 Bxf3 15. gxf3 Ne5 16. Bc2 Nc4 17. Bc1 Qa5 18. a4 Rac8 $36 {[%mdl 2048] Black has good play.} 19. Ra2 b4 20. Ne4 Nxe4 21. fxe4 Be7 22. b3 Na3 23. Bd3 $1 Rc6 24. f4 (24. Bb2 $11) 24... e5 $1 $15 25. Qh5 ({White should play} 25. Bb2 $15) 25... Rd8 {Threatens to win with ...Qc7.} 26. Rg2 (26. Rf2 $17) 26... Rxd3 27. Rxd3 {Bb2 is the strong threat.} Rxc1+ 28. Kh2 g6 29. Rd5 $2 (29. Rd7 Rc7 30. Rxc7 Qxc7 31. Qxe5 Qxe5 32. fxe5) 29... Qb6 $19 30. Qxe5 Rc7 $2 (30... Qxe3 $19 {and Black stays clearly on top. Strongly threatening ...Qe1.} 31. Qb8+ Kg7) 31. a5 (31. f5 $17) 31... Qc6 32. Rgd2 (32. f5 $142) 32... Bf6 $2 (32... f6 $19 33. Qd4 Nb1) 33. Qd6 $17 {And now Qxc6 would win.} Bc3 $2 (33... Nb1 $15 {stays ahead.} 34. Qxc6 Rxc6) 34. R2d3 ({White has to play} 34. Qxc6 $1 $16 {Qe8+ would kill now.} Rxc6 35. Rd8+ Kg7 36. R2d6) 34... Nb5 $11 35. Qd8+ Kg7 36. e5 $1 Be1 {White must now prevent ...h5.} 37. Rd7 $2 {[%mdl 8192]} (37. Rd1 $11 Bc3 38. Rd6 Nxd6 39. Rxd6) 37... Qc2+ $2 (37... Rxd7 $19 38. Rxd7 Qc2+ 39. Kh1 Bh4 $1 {[%mdl 512]} 40. Rxf7+ Kxf7 41. Qxh4 Qd1+ 42. Kg2 Kg8) 38. Kh1 Qc6+ $2 {[%mdl 8192]} (38... Rxd7 $11 39. Qf6+ Kh6 40. Qg5+ Kg7 41. Qf6+ Kh6 42. Qg5+ Kg7 43. Qf6+) 39. Kh2 $19 Rxd7 40. Rxd7 {[#]} Bh4 $1 {[%mdl 512]} 41. Rxf7+ (41. Qxh4 Qxd7) 41... Kxf7 42. Qxh4 h5 43. Qd8 {[#]} Nc7 $1 44. Qc8 Ke7 45. Qh8 $2 (45. Kg3 Qc5 46. Kh4) 45... Qc2+ 46. Kh1 Qd1+ 47. Kh2 Qd2+ 48. Kh1 Qd5+ 49. Kh2 Ne8 50. Qh7+ Qf7 51. Qh6 Qf5 52. Qh7+ Kf8 53. Qa7 (53. Qb7 $142 Qc2+ 54. Kh1 Qxb3 55. Kh2) 53... Qc2+ {Black is clearly winning.} 54. Kh1 Qxb3 55. Qxa6 Qxe3 (55... Qd1+ $142 56. Kg2 Qc2+ 57. Kg3 b3) 56. Qb6 Qxh3+ 57. Kg1 Qg3+ 58. Kh1 Qf3+ 59. Kg1 Qg4+ 60. Kh1 Qd1+ 61. Kh2 Qd2+ 62. Kh1 h4 63. Qxg6 Qe1+ 64. Kg2 {[#]} Qg3+ $1 {Precision: White = 33%, Black = 63%.} 0-1

[Event "21st Alekhine Master 2017"]
[Site "Voronezh"]
[Date "2017.06.14"]
[Round "3"]
[White "Kozionov, Kirill"]
[Black "Tran, Tuan Minh"]
[Result "*"]
[WhiteElo "2437"]
[BlackElo "2542"]
[Annotator "TA"]
[PlyCount "29"]
[EventDate "2017.??.??"]
[EventType "swiss"]
[EventCountry "RUS"]
[SourceTitle "playchess.com"]
[Source "ChessBase"]
[SourceQuality "1"]

{[%evp 12,21,26,14,23,17,20,28,35,8,9,18]} 1. d4 Nf6 2. c4 e6 3. Nc3 Bb4 4. e3 O-O 5. Bd3 d5 6. Nf3 dxc4 7. Bxc4 b6 {E51: Nimzo-Indian: Rubinstein: 4...0-0 5 Nf3 d5} 8. O-O Bb7 9. Qe2 Nbd7 10. Bd2 a6 (10... c5 11. Rfd1 cxd4 12. Nxd4 Qe7 13. Ba6 Bxa6 14. Qxa6 Bd6 15. Rac1 Nc5 16. Qe2 Rac8 17. b4 Nce4 18. Nxe4 Nxe4 19. Be1 Qb7 20. Rxc8 Rxc8 {½-½ (41) Ivanchuk,V (2710)-Kryvoruchko,Y (2682) Varadero 2016}) 11. Rfd1 {Predecessor:} b5 $146 12. Bd3 c5 13. Be1 cxd4 14. Nxd4 Bc5 15. Nb3 {½-½ (40) Beeke,B (2247)-Moradiabadi,E (2567) Dieren 2015} *

[Event "21st Alekhine Master 2017"]
[Site "Voronezh"]
[Date "2017.06.14"]
[Round "3"]
[White "Bakunts, Rafael"]
[Black "Kokarev, Dmitry"]
[Result "1-0"]
[WhiteElo "2397"]
[BlackElo "2640"]
[Annotator "TA"]
[PlyCount "143"]
[EventDate "2017.??.??"]
[EventType "swiss"]
[EventCountry "RUS"]
[SourceTitle "playchess.com"]
[Source "ChessBase"]
[SourceQuality "1"]

{[%evp 17,143,-1,25,19,22,13,20,18,29,24,44,22,35,7,2,0,17,0,0,0,0,0,0,0,44,32,45,0,0,0,27,35,28,27,87,92,87,95,108,75,60,0,87,86,94,75,76,80,75,79,513,523,517,525,520,524,514,498,498,498,1010,1008,1058,25,340,0,1038,941,1083,440,397,0,1010,1056,1011,1020,904,569,993,835,991,835,835,835,787,787,7991,6053,7991,1317,1216,1007,1293,1193,1091,1238,1005,1135,1007,1007,970,258,977,970,806,258,516,258,409,258,258,258,258,258,258,258,11681,4933,29976,29977,29977,29977,29977,29977,29978,29979,29978,29979]} 1. e4 c5 2. Nf3 d6 3. d4 cxd4 4. Nxd4 Nf6 5. Nc3 a6 6. Be3 e5 7. Nb3 Be6 8. f3 Nbd7 9. Qd2 h5 10. Nd5 {B90: Sicilian Najdorf: Unusual White 6th moves, 6 Be3 Ng4 and 6 Be3 e5} Bxd5 11. exd5 g6 12. Be2 {The position is equal.} Bg7 13. O-O O-O 14. Na5 Rb8 15. c4 e4 $1 16. f4 Ng4 17. Bxg4 hxg4 {[#]} 18. Rab1 $146 Nc5 19. b4 Nd3 20. b5 Ra8 21. Nxb7 Qc7 22. Na5 {aiming for b6.} (22. c5 $5 dxc5 23. Nxc5 $1 {[%mdl 512]} Nxc5 24. d6 $14) 22... axb5 23. Rxb5 Rxa5 24. Qxa5 Qxc4 25. Qb6 Rc8 (25... Nc5 $11) 26. f5 $16 gxf5 27. Rxf5 Qxa2 28. Qb7 (28. Qxd6 $2 Qe2 $17) 28... Rf8 29. Qa7 ({Better is} 29. Rb1 $1 $14) 29... Qe2 (29... Qxa7 $1 $11 {remains equal.} 30. Bxa7 Ra8) 30. Rb8 {Qxf7+ would kill now.} Ne5 {[#]} ({Worse is} 30... Rxb8 31. Qxf7+ Kh8 32. Rh5+ Bh6 33. Rxh6#) 31. Rxf8+ $1 Bxf8 32. Rf1 {Bf4 is the strong threat.} Bg7 33. Bd4 $40 {[%mdl 128] White goes for the king.} f5 $2 {[%mdl 8192]} (33... Bh6 $16 {is more resistant.}) 34. Bxe5 $18 Bxe5 {[%mdl 4096] Endgame KQR-KQB} 35. Rb1 {[%cal Rb1b8]} Bg7 36. Qd7 $1 {[%csl LRd6,LRf5]} Qe3+ 37. Kh1 Qf4 {intending ...Kh7.} 38. Qe8+ Bf8 (38... Kh7 $142 39. Qh5+ Qh6 40. Qxf5+ Qg6) 39. Qg6+ Kh8 40. Qh5+ $2 (40. Qf7 $18 Bg7 41. Rb8+ Kh7 42. Qh5+ Qh6 43. Qxf5+ Qg6 44. Qf4) 40... Kg8 $2 {[%mdl 8192]} (40... Kg7 $1 $11 {and Black stays safe.}) 41. Qg6+ $2 (41. Qe8) 41... Kh8 42. Qf7 Bg7 43. Qh5+ (43. Rb8+ $142 Kh7 44. Qh5+ Qh6 45. Qxf5+ Qg6 46. Qf4) 43... Bh6 {If only Black now had time for ...Kg7....} 44. Qf7 $2 (44. Qe8+ Kg7 45. Qe6) 44... Bg7 45. Rb8+ Kh7 46. Qh5+ Qh6 47. Qxf5+ Qg6 48. Qxg6+ Kxg6 {KR-KB} 49. Re8 Kf5 50. Kg1 Be5 51. Kf2 e3+ 52. Kxe3 Bxh2 53. Rf8+ (53. Kd3 $142 Kf4 54. Kc4) 53... Ke5 54. Rh8 {Intending Rh5+ and mate.} Bg1+ 55. Kd3 Kxd5 56. Rg8 Ke5 57. Rxg4 d5 58. Ra4 Bc5 59. Ra1 $2 (59. Ra2 Be7 60. Re2+ Kd6 61. Ke3) 59... Ke6 $2 (59... Bf2 60. Rh1 Bg3) 60. Rf1 Be7 61. g4 Bf6 $2 (61... Bd8 {was worth a try.} 62. Rf8 Be7) 62. Rf5 Bg7 (62... Bd8 $142 63. Rf1 Bf6) 63. Kc2 Be5 64. Kb3 Ba1 65. Kb4 Bd4 66. Kb5 Bc3 $2 (66... Kd6 67. g5 Ke6) 67. Kc5 d4 68. Kc4 {White mates.} Bb2 69. Kd3 Bc3 70. Ke4 Ba1 71. Rf1 Bb2 72. g5 {Precision: White = 64%, Black = 39%.} 1-0

[Event "21st Alekhine Master 2017"]
[Site "Voronezh"]
[Date "2017.06.14"]
[Round "3"]
[White "Rodin, Dmitrij"]
[Black "Swapnil, S  Dhopade"]
[Result "1/2-1/2"]
[WhiteElo "2391"]
[BlackElo "2533"]
[Annotator "TA"]
[PlyCount "47"]
[EventDate "2017.??.??"]
[EventType "swiss"]
[EventCountry "RUS"]
[SourceTitle "playchess.com"]
[Source "ChessBase"]
[SourceQuality "1"]

{[%evp 25,47,24,16,15,16,22,11,20,18,23,39,27,30,25,27,27,31,28,39,0,12,0,26,0]} 1. e4 c5 2. Nf3 d6 3. d4 cxd4 4. Nxd4 Nf6 5. Nc3 g6 6. Be3 Bg7 7. f3 O-O 8. Qd2 Nc6 9. O-O-O d5 10. exd5 Nxd5 11. Nxc6 bxc6 12. Bd4 Bxd4 13. Qxd4 Qb6 14. Nxd5 {B76: Sicilian Dragon: Yugoslav Attack, 9 g4 and 9 0-0-0} (14. Na4 Qa5 15. b3 Be6 16. Qe5 Qb4 17. c4 Nf6 18. Bd3 Nd7 19. Qc3 Qa3+ 20. Qb2 Qb4 21. h4 Nc5 22. Nxc5 Qxc5 {½-½ (70) Akopian,V (2656)-Jones,G (2650) Dubai 2016}) 14... cxd5 15. h4 Qxd4 16. Rxd4 {The position is equal.} Bb7 17. f4 f6 18. Rh3 $146 ({Predecessor:} 18. Rb4 Bc6 19. Rh3 Kf7 20. h5 Rab8 21. Rxb8 Rxb8 {1-0 (47) Bernal Varela,N (2275)-De Silva,D (2377) LSS email 2008}) 18... e5 19. Rb4 Rf7 20. Rhb3 Bc6 21. Rc3 Bb7 22. Rcb3 Bc6 23. Rc3 Bb7 24. Rcb3 1/2-1/2

[Event "21st Alekhine Master 2017"]
[Site "Voronezh"]
[Date "2017.06.16"]
[Round "5"]
[White "Grachev, Boris"]
[Black "Gabrielian, Artur"]
[Result "1/2-1/2"]
[WhiteElo "2648"]
[BlackElo "2506"]
[Annotator "TA"]
[PlyCount "125"]
[EventDate "2017.??.??"]
[EventType "swiss"]
[EventCountry "RUS"]
[SourceTitle "playchess.com"]
[Source "ChessBase"]
[SourceQuality "1"]

{[%evp 14,125,16,14,23,29,9,6,6,-32,-25,-29,-27,-18,-20,-31,-21,-30,-27,-72,-50,-53,-32,-104,-95,-93,6,12,8,8,6,7,6,5,14,0,35,0,0,0,0,0,0,0,0,0,0,0,0,0,0,0,0,0,0,0,0,0,0,0,0,0,0,0,0,0,0,0,158,158,158,158,158,158,158,158,158,143,188,188,181,120,283,283,283,277,273,273,253,258,233,195,269,354,279,0,0,0,184,0,0,0,0,0,0,0,0,0,0,0,0,0,0,0]} 1. d4 Nf6 2. Nf3 g6 3. Nbd2 Bg7 4. e4 d6 5. Bd3 O-O 6. O-O Nc6 7. c3 e5 8. Re1 exd4 {B07: Pirc Defence: Miscellaneous Systems} (8... Nh5 9. Nc4 Bg4 10. dxe5 Nxe5 11. Ncxe5 dxe5 12. h3 Bd7 13. Bc4 Qe7 14. Bg5 Bf6 15. Be3 b6 16. a4 a5 {1-0 (38) So,W (2815)-Giri,A (2785) chess.com INT 2017}) 9. cxd4 a5 10. Bb5 Bd7 11. Nb1 $146 ({Predecessor:} 11. Nf1 d5 12. e5 Ne4 13. Qb3 Nb4 14. Bxd7 Qxd7 15. Ng3 Qc6 16. Be3 {1-0 (51) Yildiz,B (2312)-Vovk,Y (2594) Cesme 2016}) 11... Bg4 12. Bxc6 bxc6 13. h3 Bxf3 14. Qxf3 Nd7 15. Be3 Rb8 16. Nd2 Rxb2 17. Nc4 Rb5 18. a4 (18. Rac1 $15) 18... Rb4 $17 19. Rac1 Rxa4 ({Black should try} 19... c5 $17 20. dxc5 Nxc5 21. Bxc5 dxc5) 20. Qd1 $1 $11 {[%cal Rd1a4]} Rb4 $1 21. Nxa5 Nb8 $1 22. Nxc6 Nxc6 23. Rxc6 Qd7 24. Rc2 Re8 25. Qd2 Qa4 {[%cal Rg7d4]} 26. Rxc7 Bxd4 27. Bxd4 Rxd4 28. Qf4 Rf8 29. Qf3 Qa5 30. Rec1 Qe5 31. R7c4 Rxc4 32. Rxc4 {[%mdl 4096] Endgame KQR-KQR} Re8 (32... Rb8 {feels hotter.} 33. Qd3 Ra8 34. g3 h5 35. Rb4 Kg7) 33. Qd3 (33. g4 {with more complications.} Kg7 34. Kg2 Re7 35. Qd3 h5 36. gxh5 gxh5 37. Qg3+) 33... h5 34. h4 Qa1+ 35. Kh2 Qf6 36. Qg3 Kg7 37. f3 Qe5 38. Rc1 Ra8 39. Rd1 (39. Rc6 $5 {[%cal Rc6d6]}) 39... Ra6 40. Rd5 Qf6 $2 (40... Qxg3+ $11 41. Kxg3 Kf6) 41. Rxh5 $16 Ra8 42. Qg5 Qxg5 43. Rxg5 {KR-KR} Kf6 44. Rd5 Ke6 45. Rd2 f5 46. exf5+ gxf5 47. Kg3 (47. g4 $1 $18) 47... Rh8 $2 (47... Ke5 $16) 48. Kf4 $18 Rxh4+ 49. Kg5 Rh8 50. Re2+ Kd5 51. Kxf5 Rf8+ 52. Kg5 Kc4 {[#]} (52... Rg8+ $142 53. Kf4 Kc4) 53. f4 $1 {[%cal Rf4f5]} Rg8+ 54. Kf6 $2 (54. Kf5 $18) 54... Rf8+ $11 55. Kg5 $2 (55. Ke7 $11 Rxf4 56. Kxd6) 55... Rg8+ $18 {[#]} 56. Kf6 $2 (56. Kh5 $1 $18) 56... Rf8+ $11 {The position is equal.} 57. Ke7 Rxf4 58. Kxd6 {Threatens to win with Ke5.} Kd4 59. Ke6 Re4+ 60. Rxe4+ Kxe4 61. g3 Kf3 62. Ke5 Kxg3 63. Ke4 {Precision: White = 71%, Black = 75%.} 1/2-1/2

[Event "21st Alekhine Master 2017"]
[Site "Voronezh"]
[Date "2017.06.16"]
[Round "5"]
[White "Savchenko, Boris"]
[Black "Burmakin, Vladimir"]
[Result "1/2-1/2"]
[WhiteElo "2639"]
[BlackElo "2504"]
[Annotator "TA"]
[PlyCount "156"]
[EventDate "2017.??.??"]
[EventType "swiss"]
[EventCountry "RUS"]
[SourceTitle "playchess.com"]
[Source "ChessBase"]
[SourceQuality "1"]

{[%evp 15,156,27,30,19,38,27,25,15,34,35,46,19,28,16,26,27,30,24,26,22,23,21,18,22,21,11,17,0,0,0,0,0,0,0,0,0,0,0,0,0,0,-4,0,0,0,0,7,7,7,12,6,0,121,59,109,109,125,136,122,43,45,31,34,27,45,20,87,87,85,90,56,0,45,0,10,0,8,0,0,0,8,0,8,0,0,0,51,0,86,0,0,0,0,0,0,0,0,0,0,0,0,0,166,166,166,166,166,166,166,166,166,166,166,166,166,0,166,166,166,166,166,166,166,166,166,166,166,166,166,166,166,166,166,166,166,166,166,166,166,166,166,166,166]} 1. e4 c6 2. Nc3 d5 3. Nf3 g6 4. d4 Bg7 5. h3 dxe4 6. Nxe4 Nf6 7. Nxf6+ exf6 8. Bd3 {B15: Caro-Kann: 3 Nc3: 3...g6 and 3...dxe4 4 Nxe4 Nf6 5 Nxf6+ exf6} (8. Bc4 O-O 9. O-O Nd7 10. Re1 b5 11. Bb3 Nb6 12. a4 bxa4 13. Bxa4 Nxa4 14. Rxa4 Be6 15. b3 {½-½ (15) Gurevich,V (2471)-Rotstein,A (2501) Germany 2017}) 8... O-O {LiveBook: 40 Games} 9. Be3 Be6 10. c4 $146 {White is slightly better.} ({Predecessor:} 10. O-O Re8 11. c4 Na6 12. Qd2 Nc7 13. Rac1 Qd7 14. Bf4 Bf8 15. d5 Bf5 16. Bxf5 gxf5 17. dxc6 Qxc6 {1-0 (39) Lobanov,S (2277)-Hartio,I (2073) Jyvaskyla 2014}) 10... Na6 11. Qd2 Nc7 12. O-O Qd7 13. Rfd1 Rfd8 14. Rac1 Ne8 15. b3 Nd6 16. Qb2 Nf5 17. Bxf5 $1 Bxf5 18. d5 Be4 19. Nd4 cxd5 20. f3 Bf5 $1 21. c5 Be6 22. b4 a6 23. a4 f5 ({Much worse is} 23... Qxa4 $6 24. c6 $16) 24. Qb3 Rdc8 25. b5 axb5 26. axb5 Bf8 27. c6 bxc6 28. bxc6 Qd6 {Hoping for ...Ra3.} 29. Nb5 Qb8 30. Bd4 Ra5 31. Qe3 $1 Ra4 $132 {[%mdl 2048] Black is not keeping still} ({Stronger than} 31... Qxb5 32. Qe5 Qf1+ 33. Rxf1 f6 34. Qxe6+ Kh8 35. Bxf6+ Bg7 36. Qxc8#) ({But not} 31... Rxb5 $6 32. c7 $1 $16 {[%mdl 512]}) 32. Rb1 Qg3 {...Ra2 is the strong threat.} 33. Rdc1 Rc4 (33... Be7 $11) 34. c7 (34. Rxc4 $1 $16 dxc4 35. c7) 34... R8xc7 35. Nxc7 Qxc7 36. Rxc4 dxc4 {[#]} 37. Qc3 (37. Ra1 $1 $16) 37... h5 38. Kh1 (38. Ra1 $5 {[%cal Ra1a8]}) 38... Kh7 39. Ra1 Qb8 40. Qe3 Bg7 (40... Bh6 $11 41. Qe1 Bf4) 41. Bxg7 $16 Kxg7 {[%mdl 4096] Endgame KQR-KQB} 42. Qd4+ Kh7 43. Re1 ({White should play} 43. h4 $14) 43... Qh8 44. Re5 {[%mdl 1024] White has compensation.} Qf6 45. Qd6 Kg7 46. Qc7 Kh7 47. Kg1 Kg7 48. Kf1 Kh7 49. Ke2 Kh6 50. f4 Kg7 (50... g5 $11) 51. h4 (51. Rb5 $14) 51... Kf8 (51... Kh6 $1 $11 {remains equal.}) 52. Qb8+ (52. Rb5 $16) 52... Kg7 $11 53. g3 Qe7 54. Qb2 {White threatens Rxe6+ and mate.} Kh7 55. Qd4 Qa3 56. Re3 Qa2+ 57. Kf3 c3 (57... Qa8+ {keeps more tension.} 58. Kf2 Qc6 59. Re5 Qh1 60. Rxe6 fxe6 61. Qxc4 Qh2+) 58. Rxc3 Qd5+ $2 (58... Bd5+ $11 59. Ke3 Qg2) 59. Qxd5 $18 Bxd5+ {KR-KB} 60. Ke3 Kg7 61. Kd4 Be6 62. Rc6 Bb3 63. Ke5 Bd1 64. Rb6 Be2 65. Rc6 $2 ({White should try} 65. Rb4 $18) 65... Bf3 $2 (65... Bd1 $1 $11 {and Black stays safe.}) 66. Rc2 {White is clearly better.} Bg4 67. Kd6 Bd1 {[#]} 68. Rc3 $1 Kf6 69. Ra3 Be2 70. Kc5 Kg7 71. Rb3 Bd1 72. Re3 Kf6 73. Re8 Kg7 74. Rb8 Bf3 75. Kd6 Be2 76. Ke5 Bf3 77. Rb2 Bd1 78. Rd2 Bf3 {Precision: White = 57%, Black = 55%.} 1/2-1/2

[Event "21st Alekhine Master 2017"]
[Site "Voronezh"]
[Date "2017.06.16"]
[Round "5"]
[White "Volkov, Sergey"]
[Black "Golubov, Saveliy"]
[Result "1-0"]
[WhiteElo "2615"]
[BlackElo "2504"]
[Annotator "TA"]
[PlyCount "135"]
[EventDate "2017.??.??"]
[EventType "swiss"]
[EventCountry "RUS"]
[SourceTitle "playchess.com"]
[Source "ChessBase"]
[SourceQuality "1"]

{[%evp 11,135,22,24,0,0,0,12,3,6,5,25,21,18,15,25,28,21,16,21,19,21,3,19,6,26,9,36,37,34,34,38,29,69,69,75,76,71,62,79,75,77,60,68,68,75,61,94,86,68,31,81,76,95,86,92,93,100,108,103,93,94,59,69,68,116,83,86,92,150,150,146,68,83,75,94,0,0,0,165,150,318,316,311,302,303,275,260,254,438,441,389,374,673,654,643,635,517,418,935,935,1531,1452,1662,1647,1560,1441,1504,1718,1514,1062,1954,1881,1655,1406,1580,1793,1571,1575,1245,952,29977,29978,29979,29979,29978,29980]} 1. d4 Nf6 2. c4 e6 3. Nf3 d5 4. Nc3 a6 5. cxd5 exd5 6. Bg5 {D37: Queen's Gambit Declined: 5 Bf4} Be6 {LiveBook: 66 Games} 7. h3 $146 ({Predecessor:} 7. e3 Nbd7 8. Bd3 h6 9. Bh4 g5 10. Bg3 Nh5 11. Be5 Ng7 12. Bg3 Nh5 13. Be5 Ng7 14. Bg3 Nh5 {½-½ (14) Anton Guijarro,D (2650)-Nakamura,H (2785) Caleta 2017}) 7... Bd6 8. e3 {The position is equal.} h6 9. Bf4 Bxf4 10. exf4 O-O 11. Bd3 Qd6 12. Qd2 Nc6 13. O-O Nb4 14. Bb1 c5 15. dxc5 Qxc5 16. Rd1 Rad8 17. Nd4 Nc6 18. Bc2 Qb6 19. Na4 Qxd4 20. Qxd4 Nxd4 21. Rxd4 Bd7 22. Nc3 Bc6 23. Rad1 Rfe8 24. f3 Kf8 25. Kf2 Re7 26. Bb3 Red7 27. R4d3 Rc7 28. g4 g5 29. fxg5 hxg5 30. a4 b5 31. axb5 ({Not} 31. Bxd5 Rcd7 $17) 31... axb5 {[#]} 32. Ne4 $1 {[%mdl 512]} Nxe4+ (32... dxe4 33. Rxd8+) 33. fxe4 d4 34. Rxd4 Rxd4 35. Rxd4 $16 {[%mdl 4096] Endgame KRB-KRB} Ke7 36. Rd3 f6 37. Ke3 Ra7 38. Kd4 Ra1 39. Bd5 Bd7 (39... Be8 $142) 40. Kc5 $1 Rb1 {[#]} 41. b3 (41. Rb3 $1 $16) 41... Rc1+ $1 $14 42. Kb6 Rc2 43. Bb7 (43. b4 $16) 43... b4 $11 44. Ba6 Be6 $2 {[#]} (44... Rc1 $11) 45. Kb5 $1 $18 Ra2 $2 (45... Bc8 $16) 46. Bb7 Ra7 47. Bd5 Bd7+ 48. Kxb4 Kd6 49. Bc4+ Ke5 $2 (49... Ke7 50. Kc5 Be6) 50. Kc5 Be8 51. Rd8 Rc7+ $2 (51... Bg6 52. Rd5+ Kf4) 52. Kb6 Re7 53. Bd5 Bg6 54. Rh8 Bxe4 (54... f5 $142 55. exf5 Bxf5) 55. Bxe4 Kxe4 {KR-KR} 56. b4 {[%cal Bb3b4,Bb4b5,Bb5b6,Bb6b7][%mdl 32]} Kd5 57. b5 Re6+ 58. Ka5 Re3 59. Rd8+ Kc5 60. Rc8+ Kd5 61. b6 Rb3 62. Rc1 Kd6 63. Rf1 Ke6 64. Rf5 Ra3+ 65. Kb4 Rxh3 66. b7 {White mates.} Rh8 67. Kc5 Kd7 68. Kb6 {Precision: White = 78%, Black = 55%.} 1-0

[Event "21st Alekhine Master 2017"]
[Site "Voronezh"]
[Date "2017.06.16"]
[Round "5"]
[White "Ponkratov, Pavel"]
[Black "Iljiushenok, Ilia"]
[Result "1-0"]
[WhiteElo "2595"]
[BlackElo "2496"]
[Annotator "TA"]
[PlyCount "35"]
[EventDate "2017.??.??"]
[EventType "swiss"]
[EventCountry "RUS"]
[SourceTitle "playchess.com"]
[Source "ChessBase"]
[SourceQuality "1"]

{[%evp 19,20,6,23]} 1. e4 e6 2. d4 d5 3. Nc3 Nf6 4. e5 Nfd7 5. f4 c5 6. Nf3 Nc6 7. Be3 a6 8. Qd2 b5 9. Be2 Qb6 10. Nd1 b4 {[%mdl 32768] LiveBook: 40 Games. Loss on Time!? C11: French: Classical System: 4 e5 and 4 Bg5 dxe4} {Predecessor:} 11. O-O $146 Be7 12. c4 bxc3 13. Nxc3 Rb8 14. b3 cxd4 15. Nxd4 Nxd4 16. Bxd4 Bc5 17. Bxc5 Qxc5+ 18. Kh1 {½-½ (50) Kurnosov,I (2674)-Lysyj,I (2615) Dagomys 2010} 1-0